000 00939nam a2200313Ia 4500
003 OSt
005 20221006154208.0
006 a|||||r|||| 00| 0
007 ta
008 221006b |||||||| |||| 00| 0 eng d
020 _cP24.95
024 _a34,701
037 _b647, 26/02/2010, Bhartiya Sahitya Bhavan
_cTextual
040 _aEASL
_cEASL
_beng
041 _2eng
_aeng
082 _aV41:19.P1<-N7, Q0
100 _aSutter Robert G
245 0 _aChinese foreign relations
_bPower and policy since the cold war
250 _a2
260 _aLanham
_bLittlefield
_c2010
300 _a431p.
_ccm.
490 _v CEL
650 _a China foreign relations
650 _a China politics and government
_9595381
650 _a world politics
_9432168
650 _aCEL
942 _hV41:19.P1<-N7, Q0
_cTEXL
_2CC
999 _c1102787
_d1102787